The 48 laws of power /

Bibliographic Details
Main Author: Greene, Robert
Format: Book
Published: New York: Viking, c1998.
Subjects:
LEADER 00429cam a2200169 7i4500
001 0000024189
005 20151104090000.0
005 ##20151104130200.0
003 ##MY-KlINT
020 # # |a 0140280197  
039 # 9 |y 201511041302  |z VLOAD 
090 0 0 |a E 303.3   |b GRE 
100 1 # |a Greene, Robert 
245 1 4 |a The 48 laws of power /   |c Robert Greene. 
260 # # |a New York:   |b Viking,   |c c1998. 
300 # # |a xxii,452p;   |c 24cm. 
650 # 0 |a Power (Philosophy)